Gramática del subjuntivo
Gardado en:
| Autor Principal: | |
|---|---|
| Formato: | Libro |
| Idioma: | Lingua castelá |
| Publicado: |
Madrid
Cátedra
1981
|
| Subjects: | |
| Tags: |
Engadir etiqueta
Sen Etiquetas, Sexa o primeiro en etiquetar este rexistro!
|
MARC
| LEADER | 00000nam a2200000 a 4500 | ||
|---|---|---|---|
| 001 | UCJ8961 | ||
| 003 | CL-VaPUC | ||
| 008 | 070126e19810000SP |||||||||||||||||spa|d | ||
| 020 | |a 8437603056 | ||
| 082 | 0 | 4 | |a 465 |b ALO |2 21 |
| 100 | 0 | |a Alonso Cortés, A. Manteca |e author |9 518800 | |
| 245 | 1 | 0 | |a Gramática del subjuntivo |
| 300 | |a 158 p | ||
| 942 | |c BK | ||
| 945 | |d 20070126 00:00:00 |a jtorresc | ||
| 260 | |a Madrid |b Cátedra |c 1981 | ||
| 500 | |a Donación de la Dra. Marianne Peronard Thierry | ||
| 650 | 0 | |a Gramática española |9 403055 | |
| 650 | 0 | |a Modos verbales |9 518801 | |
| 650 | 0 | |a Gramática generativa |9 313182 | |
| 583 | |a last modification |c 20070126 00:00:00 |k Rodrigo Vera | ||
| 999 | |c 324605 |d 324603 | ||
| 952 | |0 0 |1 0 |4 0 |6 465_000000000000000_ALO_1981 |7 0 |8 A |9 404873 |a FDOPOS |b FDOPOS |d 2019-11-22 |i 4319052 |o 465 ALO 1981 |p 4319052 |r 2025-01-22 |w 2019-11-22 |y BK |k MLA | ||